Hello, My Name is...'E' Quiz Stats

Quiz Updated Mar 7, 2014

Challenge
Share
Tweet
Score 0/25 Timer 08:00
6 Plays Today
column % Correct
Column 2Ellen DeGeneres
97.5%
Column 2Elton John
97.3%
Column 3Elvis Presley
96.8%
Column 5Eddie Murphy
89.3%
Column 2Eminem
82.6%
Column 3Emma Watson
77.3%
Column 4Edward Norton
73.8%
Column 4Eric Clapton
68.7%
Column 5Eva Longoria
68.2%
Column 5Emilio Estevez
65.3%
Column 1Ethan Hawke
64.5%
Column 2Elijah Wood
63.3%
Column 4Elizabeth Taylor
61.5%
column % Correct
Column 1Ewan McGregor
60.7%
Column 2Enrique Iglesias
58.5%
Column 3Ella Fitzgerald
58.1%
Column 1Emeril Lagasse
53.5%
Column 1Ernest Borgnine
49.9%
Column 3Erik Estrada
48.1%
Column 4Estelle Getty
41.4%
Column 1Etta James
37.5%
Column 5Errol Flynn
34.9%
Column 4Ethel Merman
27.8%
Column 5Elliott Gould
27.6%
Column 3Enya
25.2%

You're not logged in!

Compare scores with friends on all Sporcle quizzes.
Join for Free
OR
Log In

You Might Also Like...

Show Comments

Extras

Top Quizzes Today


Score Distribution

Your Account Isn't Verified!

In order to create a playlist on Sporcle, you need to verify the email address you used during registration. Go to your Sporcle Settings to finish the process.

Report this User

Report this user for behavior that violates our Community Guidelines.

Details: